[Event "Asian Continental op 08th"]
[Site "Subic Bay"]
[Date "2009.05.23"]
[Round "11"]
[White "Chua, Aaron"]
[Black "Olay, Edgar Reggie"]
[Result "0-1"]
[WhiteElo "2116"]
[BlackElo "2348"]
[PlyCount "64"]
[EventDate "2009.05.13"]
[EventType "swiss"]
[EventRounds "11"]
[EventCountry "PHI"]
[SourceTitle "CBM 130 Extra"]
[Source "ChessBase"]
[SourceDate "2009.07.02"]
[SourceVersion "2"]
[SourceVersionDate "2009.07.15"]
[SourceQuality "1"]

1. e4 d6 2. Nf3 Nf6 3. Nc3 e5 4. d4 exd4 5. Nxd4 Be7 6. Bc4 0-0 7. Bb3 Na6 8. Be3 Nc5 9. f3 Re8 10. Qd2 a5 11. 0-0-0 Nxb3+ 12. axb3 c6 13. g4 Qc7 14. h4 b5 15. h5 a4 16. g5 Nd7 17. g6 axb3 18. Nxb3 Ne5 19. gxf7+ Kxf7 20. Rhg1 Nc4 21. Qg2 Rg8 22. Bg5 b4 23. Nb1 Ra2 24. Rd4 Be6 25. Qe2 Nxb2 26. Rxb4 c5 27. Bxe7 cxb4 28. N1d2 Qxe7 29. Nd4 Na4 30. Nc6 Qc7 31. Qb5 Ra1+ 32. Nb1 Rxb1+ 0-1

[Event "Asian Continental op 08th"]
[Site "Subic Bay"]
[Date "2009.05.20"]
[Round "8"]
[White "Chua, Aaron"]
[Black "Kim, Alexey"]
[Result "0-1"]
[WhiteElo "2116"]
[BlackElo "2481"]
[PlyCount "108"]
[EventDate "2009.05.13"]
[EventType "swiss"]
[EventRounds "11"]
[EventCountry "PHI"]
[SourceTitle "CBM 130 Extra"]
[Source "ChessBase"]
[SourceDate "2009.07.02"]
[SourceVersion "2"]
[SourceVersionDate "2009.07.15"]
[SourceQuality "1"]

1. e4 c5 2. Nf3 e6 3. d4 cxd4 4. Nxd4 Nc6 5. Nc3 Qc7 6. Be2 Nf6 7. 0-0 Be7 8. Kh1 0-0 9. f4 d6 10. Be3 a6 11. a4 Re8 12. Bf3 Bf8 13. Nb3 Nd7 14. Qe1 b6 15. Qh4 Bb7 16. Rad1 Nc5 17. Nxc5 bxc5 18. f5 Ne5 19. Be2 exf5 20. Rxf5 Qb6 21. b3 Rad8 22. Nd5 Bxd5 23. Rxd5 Ng6 24. Qf2 Rxe4 25. Rxf7 Rde8 26. Bc4 Rxc4 27. bxc4 Qb1+ 28. Qf1 Qxf1+ 29. Rxf1 Rxe3 30. Rd3 Re4 31. Rc3 a5 32. g3 Be7 33. Rb3 Rxc4 34. Rb8+ Nf8 35. Rf4 Rxf4 36. gxf4 Bf6 37. Rb6 Ng6 38. f5 Ne7 39. Rxd6 Bd4 40. Ra6 Bc3 41. Kg2 Bb4 42. f6 gxf6 43. Rxf6 Nd5 44. Rf2 Nc3 45. h4 Nxa4 46. h5 Kg7 47. Kf3 Nc3 48. Kg4 Ne4 49. Re2 Nf6+ 50. Kg5 Kf7 51. h6 a4 52. Kf5 a3 53. Rg2 Ne8 54. Ke5 a2 0-1